El deseo y el subjuntivo análisis de los actos de habla y el valor optativo en lengua latina /

Uloženo v:
Podrobná bibliografie
Hlavní autor: Mesa Sanz, Juan Francisco
Médium: Elektronický zdroj E-kniha
Jazyk:španělština
Vydáno: Alicante : Publicaciones de la Universidad de Alicante, 1998.
Edice:Publicaciones de la Universidad de Alicante.
Digitalia eBook Collection: Univ. de Alicante
Témata:
On-line přístup:Digitalia Hispánica
Tagy: Přidat tag
Žádné tagy, Buďte první, kdo vytvoří štítek k tomuto záznamu!

MARC

LEADER 00000nam a2200000Ia 4500
001 DIGUAL0161
003 NyNyDIG
006 m d
007 cr |||||||||||
008 140501s1998 sp ob 001 0 spa d
020 |z 8479083867 (pbk.) 
020 |z 9788479083861 (pbk.) 
040 |a DGITA  |b eng  |e pn  |c DGITA 
050 4 |a PA2245.S7 ebook 
100 1 |a Mesa Sanz, Juan Francisco. 
245 1 3 |a El deseo y el subjuntivo   |h [electronic resource] :  |b análisis de los actos de habla y el valor optativo en lengua latina /  |c Juan Francisco Mesa Sanz. 
260 |a Alicante :  |b Publicaciones de la Universidad de Alicante,  |c 1998.   |e (New York, NY. :  |f Digitalia Inc,   |g 2012). 
300 |a 1 online resource (195 p.)  
490 1 |a Publicaciones de la Universidad de Alicante. 
504 |a Includes bibliographical references and index. 
506 |a Access restricted to subscribing institutions. 
650 0 |a Latin language  |x Subjunctive. 
655 0 |a Electronic books. 
791 2 |a Digitalia (Firm),  |e distributor. 
830 0 |a Publicaciones de la Universidad de Alicante. 
830 0 |a Digitalia eBook Collection: Univ. de Alicante 
856 4 0 |3 Digitalia Hispánica  |u https://digitalia.unach.elogim.com/a/609/